ARRUPE JESUIT UNIVERSITY

CORONAVIRUS -STOP THE SPREAD - CLEAN,DISINFECT,COVER

The twenty years' crisis, 1919-1939 / (Record no. 127993)

MARC details
000 -LEADER
fixed length control field 01292cam a2200313 i 4500
001 - CONTROL NUMBER
control field 19364544
003 - CONTROL NUMBER IDENTIFIER
control field ARRUPE
005 - DATE AND TIME OF LATEST TRANSACTION
control field 20180508125046.0
008 - FIXED-LENGTH DATA ELEMENTS--GENERAL INFORMATION
fixed length control field 161104r20161939enk b 001 0 eng
010 ## - LIBRARY OF CONGRESS CONTROL NUMBER
LC control number 2016958910
020 ## - INTERNATIONAL STANDARD BOOK NUMBER
International Standard Book Number 9781349950751 (paperback : acidfree paper)
020 ## - INTERNATIONAL STANDARD BOOK NUMBER
Cancelled/invalid ISBN 9781349950768 (eBook)
040 ## - CATALOGING SOURCE
Original cataloging agency DLC
Language of cataloging eng
Description conventions rda
Transcribing agency DLC
042 ## - AUTHENTICATION CODE
Authentication code pcc
050 00 - LIBRARY OF CONGRESS CALL NUMBER
Classification number JX3001
Item number .C3 1964
300 ## - PHYSICAL DESCRIPTION
Dimensions 21 cm
100 1# - MAIN ENTRY--PERSONAL NAME
Personal name Carr, Edward Hallett,
Dates associated with a name 1892-1982,
Relator term author.
9 (RLIN) 41675
245 14 - TITLE STATEMENT
Title The twenty years' crisis, 1919-1939 /
Statement of responsibility, etc E.H. Carr ; reissued with a new preface from Michael Cox.
300 ## - PHYSICAL DESCRIPTION
Extent cxxiv, 233 pages ;
500 ## - GENERAL NOTE
General note Originally published: 1939.
504 ## - BIBLIOGRAPHY, ETC. NOTE
Bibliography, etc Includes bibliographical references and index.
650 #0 - SUBJECT ADDED ENTRY--TOPICAL TERM
Topical term or geographic name as entry element International relations
General subdivision History
Chronological subdivision 20th century.
9 (RLIN) 41676
650 #0 - SUBJECT ADDED ENTRY--TOPICAL TERM
Topical term or geographic name as entry element World politics
Chronological subdivision 1900-1945.
9 (RLIN) 41677
700 1# - ADDED ENTRY--PERSONAL NAME
Personal name Cox, Michael,
Dates associated with a name 1947-
Relator term author of introduction.
9 (RLIN) 41678
906 ## - LOCAL DATA ELEMENT F, LDF (RLIN)
a 7
b cbc
c orignew
d 2
e epcn
f 20
g y-gencatlg
942 ## - ADDED ENTRY ELEMENTS (KOHA)
Source of classification or shelving scheme Library of Congress Classification
Koha item type Monograph ( Printed materials)
Holdings
Withdrawn status Lost status Source of classification or shelving scheme Damaged status Not for loan Collection code Home library Current library Shelving location Date acquired Total Checkouts Full call number Barcode Date last seen Price effective from Koha item type
    Library of Congress Classification     Main Collection ARRUPE LIBRARY ARRUPE LIBRARY Main Collection 08/05/2018   JX3001 .C3 1964 46600000608 26/06/2018 08/05/2018 Monograph ( Printed materials)

 

Arrupe Library. PO Box MP320 Mt Pleasant, Harare, Zimbabwe
263 242 745411|librarian@aju.ac.zw